000 00406nam a2200145Ia 4500
008 170224s9999 xx 000 0 und d
100 _aDana Ganor-Stern
245 _aCan Dyscalculics Estimate the Results of Arithmetic Problems?
245 _cDana Ganor-Stern
260 _bJournal of Learning Disabilities
260 _c2017
300 _a50:1
650 _xEducation
650 _xSpecial Education
999 _c315657
_d315657